Scale development: theory and applications. (3rd ed.) (Record no. 56989)

MARC details
000 -LEADER
fixed length control field 00836nam a2200217 a 4500
008 - FIXED-LENGTH DATA ELEMENTS--GENERAL INFORMATION
fixed length control field 180913s2012 ||||||||||||||||| || u
020 ## - INTERNATIONAL STANDARD BOOK NUMBER
International Standard Book Number 9781412980449
020 ## - INTERNATIONAL STANDARD BOOK NUMBER
International Standard Book Number 1412980445 (pbk.)
050 ## - LIBRARY OF CONGRESS CALL NUMBER
Classification number H 61.27 Vel
100 ## - MAIN ENTRY--PERSONAL NAME
Personal name DeVellis, Robert F
245 10 - TITLE STATEMENT
Title Scale development: theory and applications. (3rd ed.)
Statement of responsibility, etc. Robert F. DeVellis
250 ## - EDITION STATEMENT
Edition statement 3rd edition
260 ## - PUBLICATION, DISTRIBUTION, ETC.
Place of publication, distribution, etc. Los Angeles:
Name of publisher, distributor, etc. SAGE Publications
Date of publication, distribution, etc. 2012
300 ## - PHYSICAL DESCRIPTION
Extent ix, 205 p. : ill. ; 22 cm.
350 ## - PRICE (NR) (BK AM CF MU VM SE) [OBSOLETE]
Price 89.97
490 ## - SERIES STATEMENT
Series statement Applied social research methods series
490 ## - SERIES STATEMENT
Volume/sequential designation v. 26
500 ## - GENERAL NOTE
General note Includes bibliographical references (p. 193-198) and index.
650 ## - SUBJECT ADDED ENTRY--TOPICAL TERM
Topical term or geographic name entry element SCALING (SOCIAL SCIENCES)
995 ## - RECOMMENDATION 995 [LOCAL, UNIMARC FRANCE]
-- CBU-MAIN LIBRARY (Kitwe)
-- 89.97
-- 1
-- AVAILABLE
-- Sep 13, 2018
-- Main Library Open Access Collection
Holdings
Withdrawn status Lost status Source of classification or shelving scheme Damaged status Not for loan Home library Current library Shelving location Date acquired Total Checkouts Full call number Barcode Date last seen Price effective from Koha item type
          CBU-MAIN LIBRARY, KITWE. CBU-MAIN LIBRARY, KITWE.   11/30/2022   H 61.27 Vel 748527 11/30/2022 11/30/2022 MONOGRAPH